WWE wrestlers with most matches on RAW all time - Statistics

General Stats
  • This quiz has been taken 3,688 times
    3,027 since last reset
  • The average score is 29 of 50
Answer Stats
Matches Name % Correct
448 John cena
97%
381 Triple H
95%
407 Randy orton
93%
178 The Undertaker
93%
439 Kane
92%
224 Shawn Michaels
89%
179 Seth Rollins
86%
200 The Rock
86%
179 Roman Reigns
85%
278 Edge
84%
349 The Big Show
84%
165 Dean Ambrose
79%
269 The Miz
79%
429 Chris Jericho
78%
151 Batista
77%
188 C.M. Punk
74%
255 Jeff Hardy
74%
191 Matt Hardy
73%
245 Christian
70%
133 Ric Flair
69%
262 Kofi Kingston
68%
133 Kurt Angle
67%
293 Sheamus
67%
252 Dolph Ziggler
66%
161 Daniel Bryan
60%
213 Mark Henry
60%
138 Chris Benoit
56%
244 Cody Rhodes
56%
170 J.B.L
54%
183 R.V.D
52%
144 Owen Hart
51%
167 Alberto Del Rio
49%
295 Bubba Ray Dudley
48%
156 D-Von Dudley
47%
139 Road Dogg
42%
210 Goldust
41%
187 BIlly Gunn
40%
183 Cesaro
40%
175 X Pac
40%
160 Trish Stratus
37%
154 R-Truth
36%
133 Shelton Benjamin
36%
161 Jack Swagger
34%
145 Ryback
29%
160 Test
26%
149 William Regal
25%
163 Santino Marella
23%
134 Mickie James
17%
149 Val Venis
17%
132 Alicia Fox
3%
No matching quizzes found
Score Distribution
Percent of People with Each Score
Percentile by Number Answered
Your Score History
You have not taken this quiz since the last reset